Statistics for Formula One drivers with most wins

Click here to take the quiz!

General Stats

  • This quiz has been taken 2,063 times
  • The average score is 23 of 32

Answer Stats

NationalityVictoriesName% Correct
German91Michael Schumacher
99%
Brazilian41Ayrton Senna
98%
Spanish32Fernando Alonso
96%
British25Lewis Hamilton
96%
German39Sebastian Vettel
96%
French51Alain Prost
95%
Finnish20Kimi Räikkönen
91%
Austrian25Niki Lauda
89%
Finnish20Mika Häkkinen
86%
Argentine24Juan Manuel Fangio
85%
British15Jenson Button
83%
British22Damon Hill
82%
Brazilian23Nelson Piquet
76%
British31Nigel Mansell
76%
Canadian11Jacques Villeneuve
75%
Brazilian11Felipe Massa
73%
British27Jackie Stewart
73%
Brazilian14Emerson Fittipaldi
67%
British25Jim Clark
67%
Italian13Alberto Ascari
64%
British10James Hunt
64%
Brazilian11Rubens Barrichello
62%
Australian14Jack Brabham
61%
American12Mario Andretti
60%
South African10Jody Scheckter
58%
British13David Coulthard
54%
Australian12Alan Jones
52%
British16Stirling Moss
51%
Austrian10Gerhard Berger
48%
Swedish10Ronnie Peterson
41%
Argentine12Carlos Reutemann
33%
British14Graham Hill
20%

Score Distribution

Percentile by Number Answered

Percent of People with Each Score

Your Score History

You have not taken this quiz